| 000 | 00812nam a2200301 a 4500 | ||
|---|---|---|---|
| 003 | AR-BaBNM | ||
| 005 | 20251128204910.0 | ||
| 008 | 082120s2002 ||||||||||||||000 | spa|| | ||
| 020 | _a84-277-0631-6 | ||
| 040 | _cAR-BaBNM | ||
| 100 | 1 | _aRosales, Carlos | |
| 245 | 0 | 0 | _aDidáctica de la comunicación verbal |
| 250 | _a2ª ed. | ||
| 260 |
_aMadrid _bNarcea _c1987 |
||
| 300 |
_a245 p. _bgráfs. |
||
| 490 | 0 | _aEducación hoy | |
| 504 | _aBibliografía: p. 243-245 | ||
| 650 | 4 | _aCOMUNICACION VERBAL | |
| 650 | 4 | _aENSEÑANZA DE LA LECTURA | |
| 650 | 4 | _aENSEÑANZA DE LA ESCRITURA | |
| 650 | 4 | _aEXPRESION ORAL | |
| 650 | 4 | _aAPTITUD PARA LA COMUNICACION | |
| 650 | 4 | _aINVESTIGACION LINGUISTICA | |
| 650 | 4 | _aAPTITUD LINGUISTICA | |
| 653 | _aEXPRESION ESCRITA | ||
| 942 | _cBK | ||
| 998 | _cGrace | ||
| 999 |
_c9251 _d9251 |
||